The power of NOW : a guide to spiritual enlightenment /

Bibliographic Details
Main Author: Tolle, Eckhart, 1948-
Format: Book
Published: Vancouver, B.C., Canada Novato, Calif: Namaste Pub: New World Library, c2004.
Edition:[Rev. ed.].
Subjects:
LEADER 00795cam a2200253 7i4500
001 0000038639
005 20250205090000.0
005 ##20151104145800.0
003 ##MY-KlINT
020 # # |a 9781577314806: RM46.90  
039 # 9 |y 201511041458  |z VLOAD 
040 # # |a LCC 
090 0 0 |a 204.4   |b TOL 
100 1 # |a Tolle, Eckhart,   |d 1948- 
245 1 4 |a The power of NOW :   |b a guide to spiritual enlightenment /   |c Eckhart Tolle. 
250 # # |a [Rev. ed.]. 
260 # # |a Vancouver, B.C., Canada  |a Novato, Calif:   |b Namaste Pub:   |b New World Library,   |c c2004. 
300 # # |a 235 p;   |c 22cm. 
504 # # |a Includes bibliographical references (p. 231) 
650 # 0 |a Spiritual life  
996 # # |a INTSarawak2012.out 
997 # # |a 0000003237 
998 # # |a 0000001628 
999 |a 7000003237  |b BOOK  |c Main Non-Fiction  |e INTAN Sarawak